The perfect pony / (Record no. 7222)

MARC details
000 -LEADER
fixed length control field 01085nam a22003137a 4500
001 - CONTROL NUMBER
control field 7222
003 - CONTROL NUMBER IDENTIFIER
control field FISKH
005 - DATE AND TIME OF LATEST TRANSACTION
control field 20250703091535.0
008 - FIXED-LENGTH DATA ELEMENTS--GENERAL INFORMATION
fixed length control field 250703b cb ||||| |||| 00| 0 eng d
020 ## - INTERNATIONAL STANDARD BOOK NUMBER
International Standard Book Number 043929147x
040 ## - CATALOGING SOURCE
Original cataloging agency FISKH
Language of cataloging eng
Transcribing agency FISKH
Modifying agency FISKH
050 ## - LIBRARY OF CONGRESS CALL NUMBER
Classification number PZ7.D39145 P
082 ## - DEWEY DECIMAL CLASSIFICATION NUMBER
Classification number 813.54
100 ## - MAIN ENTRY--PERSONAL NAME
Personal name Demas, Corinne
Dates associated with a name (1947-)
245 ## - TITLE STATEMENT
Title The perfect pony /
Statement of responsibility, etc. By Corinne Demas ; Illustrated by Jacqueline Rogers
250 ## - EDITION STATEMENT
Edition statement This edition first published in 2001
260 ## - PUBLICATION, DISTRIBUTION, ETC.
Place of publication, distribution, etc. New York :
Name of publisher, distributor, etc. Scholastic,
Date of publication, distribution, etc. 2000
300 ## - PHYSICAL DESCRIPTION
Extent 47 pages :
Other physical details color illustrations ;
Dimensions 23 cm
490 ## - SERIES STATEMENT
Series statement Step into reading
Volume/sequential designation Grades 2-3
505 ## - FORMATTED CONTENTS NOTE
Formatted contents note G<br/>
520 ## - SUMMARY, ETC.
Summary, etc. Jamie is excited when she answers an ad for a free pony and finds McIntosh, the perfect pony for her, but he may have already been claimed by someone else.<br/>
521 8# - TARGET AUDIENCE NOTE
Target audience note 310<br/>
Source Lexile<br/>
521 8# - TARGET AUDIENCE NOTE
Target audience note G<br/>
Source Raz-Plus<br/>
650 ## - SUBJECT ADDED ENTRY--TOPICAL TERM
Source of heading or term Horse
Topical term or geographic name entry element Little visits with God
650 ## - SUBJECT ADDED ENTRY--TOPICAL TERM
Source of heading or term First Reader Books
Topical term or geographic name entry element Growing Up & Facts of Life
700 ## - ADDED ENTRY--PERSONAL NAME
Personal name Rogers, Jacqueline
Dates associated with a name illustrator
942 ## - ADDED ENTRY ELEMENTS (KOHA)
Source of classification or shelving scheme Dewey Decimal Classification
Koha item type Books
Suppress in OPAC No
Holdings
Withdrawn status Lost status Source of classification or shelving scheme Damaged status Not for loan Collection Home library Current library Shelving location Date acquired Total Checkouts Full call number Barcode Date last seen Date last checked out Copy number Price effective from Koha item type
    Dewey Decimal Classification     Juvenile Fiction Footprints International School Library Network Toul Tom Poung Campus Footprints International School Library Network Toul Tom Poung Campus TTP Primary Green Bookshelves 07/03/2025 1 DEM 813.54 PZ7.D39145 P FISBK02932 10/31/2025 10/17/2025 1 07/03/2025 Books
    Dewey Decimal Classification     Juvenile Fiction Footprints International School Library Network Toul Tom Poung Campus Footprints International School Library Network Toul Tom Poung Campus TTP Primary Green Bookshelves 09/11/2025   DEM 813.54 PZ7.D39145 P FISBK02933 09/11/2025   2 09/11/2025 Books